Historia de las doctrinas económicas (Registro nro. 5416)

Detalles MARC
000 -LEADER
fixed length control field 00995 a2200217 4500
001 - CONTROL NUMBER
control field 54245
005 - DATE AND TIME OF LATEST TRANSACTION
control field 20260407155813.0
008 - FIXED-LENGTH DATA ELEMENTS--GENERAL INFORMATION
fixed length control field 260407a1949 arg spa d
003 - CONTROL NUMBER IDENTIFIER
control field AR-UNSa-BCEJYS
040 ## - CATALOGING SOURCE
Original cataloging agency AR-UNSa-BCEJYS
Language of cataloging spa
Transcribing agency AR-UNSa-BCEJYS
080 ## - UNIVERSAL DECIMAL CLASSIFICATION NUMBER
Universal Decimal Classification number 330.8
Common auxiliary subdivision Historia de las teorías, Doctrinas, Dogmas económicos (pensamiento económico)
041 ## - LANGUAGE CODE
Language code of text/sound track or separate title spa
100 1# - MAIN ENTRY--PERSONAL NAME
Personal name Gide, Charles
245 10 - TITLE STATEMENT
Title Historia de las doctrinas económicas
Name of part/section of a work de los fisiócratas a John Stuart Mill
264 #1 - PRODUCTION, PUBLICATION, DISTRIBUTION, MANUFACTURE, AND COPYRIGHT NOTICE
Place of production, publication, distribution, manufacture Buenos Aires :
Name of producer, publisher, distributor, manufacturer Depalma
Date of production, publication, distribution, manufacture, or copyright notice 1949
300 ## - PHYSICAL DESCRIPTION
Extent 2 v. (517 ; 579 p.)
Dimensions 24 cm.
505 ## - FORMATTED CONTENTS NOTE
Formatted contents note Vol. I: 1. Los fundadores - 2. Los adversarios - 3. El liberalismo - 4. Los disidentes - 5. La renovación de las doctrinas a fones del siglo XIX el florecimiento de las doctrinas sociales - 6. Preponderancia de los problemas de la producción y de intercambio después de la Primera Guerra Mundial -- Vol. II:
590 ## - LOCAL NOTE (RLIN)
Local note niveau_biblio:m niveau_hierar:0
700 1# - ADDED ENTRY--PERSONAL NAME
Personal name Rist, Charles
942 ## - ADDED ENTRY ELEMENTS (KOHA)
Koha item type
Existencias
Withdrawn status Lost status Damaged status Not for loan Home library Current library Shelving location Date acquired Total checkouts Full call number Barcode Date last seen Price effective from Koha item type
        Biblioteca Prof. Eusebio Cleto del Rey Biblioteca Prof. Eusebio Cleto del Rey   07/04/2026   330.8 G453 v.1 L20674 07/04/2026 07/04/2026 Libro
        Biblioteca Prof. Eusebio Cleto del Rey Biblioteca Prof. Eusebio Cleto del Rey   07/04/2026   330.8 G453 v.2 L20673 07/04/2026 07/04/2026 Libro
        Biblioteca Prof. Eusebio Cleto del Rey Biblioteca Prof. Eusebio Cleto del Rey   07/04/2026   330.8 G453 v.1 L20672 07/04/2026 07/04/2026 Libro
        Biblioteca Prof. Eusebio Cleto del Rey Biblioteca Prof. Eusebio Cleto del Rey   07/04/2026   330.8 G453 v.2 L20675 07/04/2026 07/04/2026 Libro